00338nam a2200121Ia 4500008004100000040001700041041001200058082001800070100003000088245003600118260005100154300001100205230917s9999||||xx |||||||||||||| ||und|| e153166aMAIN aEnglish a294.6 G537A:D aAhluwalia, Rajender Singh 0aDashmesh pita Guru Gobind Singh aChandigarhbGuru Govind Singh Foundationc1966 a133 p.